000 00754nam a22002057a 4500
008 160922b xxu||||| |||| 00| 0 eng d
020 _a0071423079
082 _22004
_aDC 621.381540288
_bT59e
100 _915108
_aTomal, Daniel R
245 _aElectronic troubleshooting/
_cDaniel R. Tomal and Neal S. Widmer.
250 _a3rd edition
260 _aNew York:
_bMcGraw-Hill,
_cc2004.
300 _axviii, 386 pages:
_billustrations;
_c24 cm.
500 _aIncludes appendices and index.
650 0 _915109
_aElectronic apparatus and appliances
_xMaintenance and repair
650 0 _915110
_aElectric apparatus and appliances
_xMaintenance and repair
700 _915111
_aWidmer, Neal S.
_eAuthor
365 _b4250.00
_cPhp
942 _2ddc
_cDC
999 _c4766
_d4766